Noord-Amerikaanse Hoofdsteden op een Kaart - Statistieken

Algemene statistieken
  • Deze quiz is 1.253 keer genomen
  • De gemiddelde score is 14 van 23
Antwoorden op de kaart
Antwoorden kleurgecodeerd door een groen-rode schaal op de quizkaart volgens % correct hieronder.
 
Antwoordstatistieken
Antwoord % Correct
Washington D.C.
96%
Mexico-Stad
95%
Ottawa
93%
Panama-Stad
84%
Havana
81%
Guatemala-Stad
75%
San Salvador
75%
Nassau
66%
Port-au-Prince
66%
Kingston
65%
Santo Domingo
65%
San José
62%
Belmopan
60%
Managua
58%
Port of Spain
58%
Tegucigalpa
57%
Bridgetown
41%
Roseau
38%
Saint George's
37%
Castries
36%
Basseterre
34%
Saint John's
34%
Kingstown
33%
Geen overeenkomende quizzen gevonden
Scoreverdeling
Procent van Mensen met Elke Score
Percentiel versus Aantal Correcte Antwoorden
Uw Scoregeschiedenis
U heeft deze quiz nog niet genomen